00389nam a2200145Ia 4500008004100000020001500041041001200056082001600068100001600084245007100100260003500171300000800206650001400214700001500228221030s9999 xx 000 0 und d a8121906008 aEnglish a105.23bMal aW. U. Malik 0aSelected Topics in Inorganic Chemistrycby W. U. Malik, G. D. Tuli bS. Chand & CoaNew Delhic2001 a660 aChemistry aG. D. Tuli